General topology and its relations to modern analysis and algebra
Saved in:
| Format: | Bog |
|---|---|
| Sprog: | engelsk |
| Udgivet: |
Nueva York
Academic Press
1962
|
| Fag: | |
| Tags: |
Tilføj Tag
Ingen Tags, Vær først til at tagge denne postø!
|
MARC
| LEADER | 00000nam a2200000 a 4500 | ||
|---|---|---|---|
| 001 | UCQ9624 | ||
| 003 | CL-VaPUC | ||
| 005 | 20230620113955.0 | ||
| 008 | 990112e19620000us 1 eng d | ||
| 082 | 0 | 4 | |a 514.322 |b GEN |2 21 |
| 245 | 1 | 0 | |a General topology and its relations to modern analysis and algebra |
| 260 | |a Nueva York |b Academic Press |c 1962 | ||
| 300 | |a 363 p | ||
| 583 | |a last modification |c 19990112 00:00:00 |k Rodrigo Vera | ||
| 650 | 0 | 0 | |a Topología general |9 424243 |
| 650 | 0 | 7 | |a ESPACIOS TOPLOGICOS |2 CL-VaPUC |9 619289 |
| 650 | 0 | 0 | |a Congresos |9 257560 |
| 942 | |c BK | ||
| 945 | |a crobeson |d 19990112 00:00:00 | ||
| 546 | |a En Inglés | ||
| 518 | |p Symposium on General Topology, Prague, 1 al 8 de septiembre de 1961 | ||
| 999 | |c 383337 |d 383335 | ||
| 952 | |0 0 |1 0 |4 0 |6 514_322000000000000_GEN_1962 |7 0 |8 A |9 505430 |a BIBMAT |b BIBMAT |d 2020-01-23 |i 1316974 |o 514.322 GEN 1962 |p 1316974 |r 2025-01-07 |w 2020-01-23 |y BK |k MAT | ||